Online
Catalog

Las enfermedades de los naranjales y cafetales : (Record no. 30294)

MARC details
000 -CABECERA
campo de control de longitud fija 00551nam a2200157 a 4500
001 - NÚMERO DE CONTROL
campo de control 000030802
005 - FECHA Y HORA DE LA ÚLTIMA TRANSACCIÓN
campo de control 20200930062522.0
008 - DATOS DE LONGITUD FIJA--INFORMACIÓN GENERAL
campo de control de longitud fija 110530s1929 dr 000 0 spa d
040 ## - FUENTE DE LA CATALOGACIÓN
Centro catalogador/agencia de origen DO-SdBNP
Lengua de catalogación spa
Centro/agencia transcriptor BNPHU
082 ## - NÚMERO DE LA CLASIFICACIÓN DECIMAL DEWEY
Número de clasificación xxx
Número de documento/Ítem R969e
049 ## - FONDOS LOCALES (OCLC)
Fondos de biblioteca BNPD
100 1# - ENTRADA PRINCIPAL--NOMBRE DE PERSONA
Nombre de persona Russo, Giuseppe
9 (RLIN) 22106
245 14 - MENCIÓN DE TÍTULO
Título Las enfermedades de los naranjales y cafetales :
Resto del título Relación del viaje al campo de colonización de Jamao (Moca) /
Mención de responsabilidad, etc. Guiseppe Russo.
260 ## - PUBLICACIÓN, DISTRIBUCIÓN, ETC.
Lugar de publicación, distribución, etc. Santo Domingo :
Nombre del editor, distribuidor, etc. Secretaría de Estado de Agricultura y Comercio,
Fecha de publicación, distribución, etc. 1929.
300 ## - DESCRIPCIÓN FÍSICA
Extensión 15 p. ;
Dimensiones 24 cm.
Holdings
Estado de retiro Estado de pérdida Restricciones de uso No para préstamo Código de colección Localización permanente Ubicación/localización actual Ubicación en estantería Fecha de adquisición Número de inventario Total de préstamos Signatura topográfica completa Código de barras Fecha visto por última vez Precio válido a partir de Tipo de ítem Koha Nota pública
      Excluido de préstamo Raros y valiosos Patrimonio Dominicano Patrimonio Dominicano Depósito 30.05.2011 LF1   xxx R969e 30802-10 25.06.2020 25.06.2020 No se presta Perteneció a la colección Carlos Larrazabal Blanco

Powered by Koha